Statistiques concernant Italie - Joueurs Emblématiques

Cliquez ici pour prendre le quiz!

Statistiques générales

  • Ce quiz a été pris 274 fois
  • Le résultat moyen est 16 sur 30

Statistiques - réponses

IndicesJoueur% Correct
Meilleur buteur de l'AS Roma où il a joué 24 ans, 5ème du ballon d'or 2001Francesco Totti
95%
Joueur le plus capé de l'AC Milan, 3ème joueur le plus capé de la sélection, 3ème des ballons d'or 1994 et 2003Paolo Maldini
89%
Joueur le plus capé de la sélection, considéré comme l'un des meilleurs gardiens de l'histoire du footballGianluigi Buffon
87%
Seul défenseur à avoir remporté un ballon d'or, vainqueur de la Coupe du monde 2006, actuel entraîneur du Guangzhou EvergrandeFabio Cannavaro
85%
Milieu de terrain réputé pour sa vision de jeu excellente, vainqueur des C1 2003 et 2007 avec l'AC MilanAndrea Pirlo
81%
Attaquant considéré comme un "renard des surfaces" ultra efficace, vainqueur des Ligue des Champions 2003 et 2007, actuel entraîneur de BeneventoFilippo Inzaghi
81%
Attaquant passé par l'OM et l'OGC Nice, célèbre pour ses débordements, auteur de la célèbre phrase "Why always me?"Mario Balotelli
81%
Meilleur buteur de la Juventus Turin, réputé pour sa précision sur coups de pieds arretés, vainqueur de la Coupe du Monde 2006Alessandro Del Piero
77%
Joueur réputé pour son aggressivité et sa combativité, 6ème joueur le plus capé de l'AC Milan, actuel entraîneur de NaplesGennaro Gattuso
74%
Défenseur comptant plus de 500 matchs pour la Juventus Turin, victime de la "morsure" de Suarez lors de la Coupe du Monde 2014Giorgio Chiellini
72%
Milieu de terrain formé à Pescara, réputé pour sa technique exceptionnelle, 7 fois champion de France avec le PSGMarco Verratti
71%
5ème meilleur de l'histoire de la Juventus, 2ème du ballon d'or 1994 et finaliste de la Coupe du Monde la même annéeRoberto Baggio
68%
Défenseur central réputé pour sa vitesse et sa technique, vainqueur de la Coupe du Monde 2006 et des Ligue des Champions 2003 et 2007 avec l'AC MilanAlessandro Nesta
67%
Joueur emblématique de la Juventus passé par l'AC Milan, Champion de Serie a 7 fois entre 2012 et 2019Leonardo Bonucci
61%
2ème joueur le plus capé de l'AC Milan, finaliste de la Ligue de Champions 1993 et 1995, 2ème du ballon d'or 1989Franco Baresi
55%
Meilleur buteur et joueur le plus capé de la Sampdoria, actuel sélectionneur de l'équipe nationale, ancien entraîneur de Manchester CityRoberto Mancini
55%
Plus vieux joueur à avoir remporté une Coupe du Monde à 40 ans, 112 sélections en équipe nationaleDino Zoff
53%
Joueur le plus capé et meilleur buteur de l'Udinese, finaliste de l'euro 2012, meilleur buteur de Serie A en 2010 et 2011Antonio Di Natale
50%
Légende de Chelsea avec plus de 300 matchs et actuel entraîneur adjoint du club, finaliste de la Coupe du Monde 1994Gianfranco Zola
49%
Vainqueur de la Coupe du Monde 1934 et 1938 en tant que capitaine, Meilleur buteur de l'Inter Milan ayant donné son nom au stadeGiuseppe Meazza
47%
Joueur passé par plus de 10 clubs notamment l'AS Monaco, ralenti par de nombreuses blessures causées par une fragilité musculaire, Soulier d'argent de la Coupe du Monde 1998Christian Vieri
44%
Gardien de but élu meilleur gardien de Serie A en 2000, Vainqueur de la Ligue des Champions 2010 avec l'Inter MilanFrancesco Toldo
31%
Attaquant passé par l'AS Monaco, le PSG ou encore l'OGC Nice, vainqueur de la Ligue des Champions 1994 avec L'AC MilanMarco Simone
27%
Attaquant polyvalent comptant plus de 600 matchs pour l'AC Milan, réputé pour sa technique, ballon d'or 1969Gianni Rivera
25%
Attaquant passé par 10 clubs italiens différents, vainqueur de la Ligue des Champions 2007 avec l'AC MilanAlberto Gilardino
22%
Meilleur buteur de la sélection, meilleur buteur de Cagliari, Vainqueur de l'Euro 1968Luigi Riva
22%
3ème joueur le plus capé de l'Inter Milan, défenseur gauche réputé pour son élgance, 6ème joueur le plus capé de la sélectionGiacinto Fachetti
11%
Milieu défensif vainqueur de la Coupe du Monde 1982 et de 5 championnats d'Italie avec la Juventus, ancien sélectionneur de l'EgypteMarco Tardelli
10%
2ème meilleur buteur de la sélection, meilleur buteur de l'histoire du championnat d'Italie, meilleur buteur de la Lazio RomeSilvio Piola
8%
Attaquant champion d'Italie 5 fois avec le Torino, mort dans un tragique accident d'avion en 1949 touchant également plusieurs de ses coéquipiersValentino Mazzola
6%

Distribution des résultats

Percentile par nombre de réponses

% des personnes avec chaque résultat

Votre développement - résultats

Vous n’avez pas pris ce quiz